| 000 | 00871cab a22002175a 4500 | ||
|---|---|---|---|
| 001 | E148086 | ||
| 008 | 090722e20090530xxk f 000 0 eng d | ||
| 035 | _a(Sirsi) u148086 | ||
| 041 | 0 | _aeng | |
| 100 | 1 | _aWilliams, Peter | |
| 245 | 0 | 0 | _aParties must come to terms with costs |
| 260 | _c2009 | ||
| 490 |
_aEstates Gazette _v(0921) 30 May 2009, 96-97(2) |
||
| 520 | _aLooks at how carbon reduction commitment and the costs associated with it will affect landlords and tenants, and sets out the issues which should be discussed between the parties before drafting a new lease. Examines issues related to buying allowances and revenue recycling payments. | ||
| 590 | _aKA | ||
| 651 | 4 |
_aUnited Kingdom _y |
|
| 690 | _aENVIRONMENTAL AND LAND CONSULTANCY-ENERGY-ENERGY USE | ||
| 690 | _aPROPERTY-LANDLORD AND TENANT | ||
| 700 | 1 | _aEddington, Charlotte | |
| 942 | _n0 | ||
| 999 |
_c81720 _d81720 |
||